000 02737nam a2200325 a 4500
001 ASIN0230749011
005 20170105102926.0
008 131212s2010 xxu eng d
020 _a0230749011 (hardcover)
_c$33.25
020 _a9780230749016 (hardcover)
040 _a0
050 0 4 _aDT1974
082 0 4 _a968.065092
_bMAN 2010
100 1 _aMandela, Nelson.
245 1 0 _aConversations with myself /
_cNelson Mandela.
250 _aUnabridged.
260 _a[S.l.] :
_bMacMillan,
_c2010.
300 _a454 p. ;
_c24 cm.
500 _aUnabridged.
520 _aConversations With Myself is a moving collection of letters, diary entries and other writing that provides a rare chance to see the other side of Nelson Mandela's life, in his own voice: direct, clear, private. An international bestseller, Conversations With Myself is an intensely personal book that complements his autobiography Long Walk to Freedom. In his foreword to Nelson Mandela's book, President Barack Obama writes: 'Conversations With Myself does the world an extraordinary service in giving us [a] picture of Mandela the man.' Conversations With Myself gives readers insight to the darkest hours of Nelson Mandela's twenty-seven years of imprisonment and his troubled dreams in his cell on Robben Island. It contains the draft of an unfinished sequel to Long Walk to Freedom, notes from Madiba's famous speeches, and even doodles made during meetings. There are photos from his life, journals written while on the run during the anti-apartheid struggles of the early 1960s, and conversations with friends in almost 70 hours of recorded interviews. An intimate journey from the first stirrings of his political conscience to his galvanizing role on the world stage, Conversations With Myself is an extraordinary glimpse of the man behind one of the world's most beloved public figures. 'More revealing of the man than his autobiography Long Walk to Freedom -- and in many respects more moving as well' F.W. De Klerk 'A book that breaks the heart and then makes it sing' Andrew Rawnsley, Observer Books of the Year 'Intensely moving, raw and unmediated, told in real time with all the changes in perspective that brings, over the years, mixing the prosaic with the momentous. Health concerns, dreams, political initiatives spill out together, to provide the fullest picture yet of Mandela.' Peter Godwin, Observer.
650 0 _aApartheid
650 0 _aHeads of state
650 0 _aMandela, Nelson, 1918-
650 0 _aPolitical prisoners
650 0 _aPolitical science
650 0 _aPresidents
650 0 _aSouth Africa
856 4 0 _3Amazon.com
_uhttp://www.amazon.com/exec/obidos/ASIN/0230749011/chopaconline-20
942 _2ddc
_cBK
999 _c15840
_d15840